Music Quiz

Random Music or Artist Quiz

EW's 1000 New Classics (Albums) Quiz Stats

 Plays Quiz not verified by Sporcle

Challenge
Share
Tweet
Embed
Score 0/100 Timer 20:00
0 Plays Today
Artist Album % Correct
Green DayAmerican Idiot
86.8%
Prince and the RevolutionPurple Rain
85.6%
U2The Joshua Tree
80.2%
Jeff BuckleyGrace
76.1%
Alainis Morissette Jagged Little Pill
74.9%
Lauryn HillThe Miseduction of Lauryn Hill
74.1%
U2Achtung Baby
72%
Bruce SpringsteenBorn in the U.S.A.
71.6%
RadioheadOK Computer
71.2%
Paul SimonGraceland
70.8%
RadioheadIn Rainbows
67.9%
Beck Odelay
67.9%
Amy WinehouseBack to Black
67.5%
MetallicaMetallica
66.7%
Kanye West The College Dropout
65.4%
EminemThe Marshall Mathers LP
65%
Guns N' RosesAppetite for Destruction
63.8%
NirvanaMTV Unplugged in New York
63.4%
Peter GabrielSo
60.1%
The White StripesElephant
58.4%
OutkastStankonia
58%
Jay-ZThe Blueprint
56.8%
ColdplayA Rush of Blood to the Head
53.9%
Bob Marley and the WailersLegend
53.5%
Beastie BoysPaul's Boutique
53.5%
Arcade FireFuneral
52.3%
The StrokesIs This It
52.3%
Dr. DreThe Chronic
50.2%
George MichaelFaith
50.2%
Smashing PumpkinsSiamese Dream
49.4%
Van Halen1984
48.1%
WilcoYankee Hotel Foxtrot
47.7%
MadonnaMadonna
46.1%
Public EnemyIt Takes a Nation of Millions to Hold Us Back
45.3%
Artist Album % Correct
The SmithsThe Queen is Dead
45.3%
The PoliceSynchronicity
44.9%
MobyPlay
44.4%
Nine Inch NailsThe Downward Spiral
44%
Pearl JamVs.
42.4%
TLCCrazySexyCool
42%
The PixiesSurfer Rosa
41.6%
The Notorious B.I.G.Ready to Die
40.7%
Wu-Tang Clan Enter the Wu-Tang (36 Chambers)
40.7%
Liz PhairExile in Guyville
40.3%
Tom WaitsRain Dogs
37.9%
The CureDisintegration
35.4%
MadonnaRay of Light
35%
System of a DownToxicity
35%
NasIllmatic
34.6%
The ReplacementsLet It Be
34.2%
Shania TwainCome On Over
33.7%
HoleLive Through This
33.7%
PavementCrooked Rain Crooked Rain
33.3%
My Bloody ValentineLoveless
33.3%
InterpolTurn on the Bright Lights
32.9%
De La Soul3 Feet High and Rising
32.5%
PortisheadDummy
32.5%
Bob DylanTime Out of Mind
32.1%
Run-DMCRaising Hell
30%
The Flaming LipsThe Soft Bulletin
29.2%
LCD SoundsystemSound of Silver
29.2%
FugeesThe Score
28.8%
Sheryl CrowSheryl Crow
25.9%
Mariah CareyThe Emancipation of MiMi
25.1%
Modest MouseThe Moon & Antarctica
25.1%
2PacAll Eyez on Me
24.7%
SpoonGa Ga Ga Ga Ga
24.3%
No DoubtRock Steady
23.9%
Artist Album % Correct
Fiona AppleTidal
23%
Eric B. and Rakim Paid in Full
22.6%
PJ HarveyStories from the City, Stories from the Sea
22.6%
Justin TimberlakeFutureSex/LoveSounds
21.8%
Ryan AdamsHeartbreaker
21.8%
Belle and SebastianIf You're Feeling Sinister
21.4%
Lucinda WilliamsCar Wheels on a Gravel Road
20.2%
The Postal ServiceGive Up
19.8%
Neil YoungHarvest Moon
19.3%
Elliott SmithEither/Or
19.3%
Death Cab for CutieTransatlanticism
19.3%
Kelly ClarksonBreakaway
18.9%
Britney SpearsBritney
18.5%
Dixie Chicks Home
18.1%
R.E.M.Lifes Rich Pageant
17.7%
Johnny CashAmerican IV: The Man Comes Around
17.3%
Janet JacksonJanet Jackson's Rhythm Nation 1814
17.3%
Beyonce Dangerously in Love
16.5%
BjorkHomogenic
16%
Christina Aguilera Back to Basics
15.2%
Cat PowerYou Are Free
14.8%
The PretendersLearning to Crawl
14.8%
Elvis CostelloKing of America
11.9%
Destiny's ChildThe Writing's on the Wall
11.9%
New OrderLow-Life
11.1%
Mary J. BligeMy Life
10.3%
Alicia KeysAs I Am
8.6%
A Tribe Called QuestPeople's Instinctive Travels and the Paths of Rhythm
8.2%
Erykah BaduMama's Gun
7.8%
T.I.Trap Muzik
7.8%
Aime MannBachelor No. 2
7.4%
Emmylou HarrisWrecking Ball
4.1%

You're not logged in!

Compare scores with friends on all Sporcle quizzes.
OR
Log In

You Might Also Like...

Show Comments

Extras

Top Quizzes Today


Score Distribution

Your Account Isn't Verified!

In order to create a playlist on Sporcle, you need to verify the email address you used during registration. Go to your Sporcle Settings to finish the process.

Report this User

Report this user for behavior that violates our Community Guidelines.

Details: